000 00288nam a2200121 a 4500
008 101208s1955|||| d
245 1 0 _aPostavy ruského umenia
100 1 _aNikulin, L.
260 _c1955
_bSvet socializmu
_aBratislava
020 _c16
041 _aslo
044 _axo
_cSK
999 _c14936
_d14936